000
00376nam a2200169Ia 4500
008
220531s9999 xx 000 0 und d
041
_a
eng
082
_b
SHA
100
_a
Shaw, B.
_9
35932
245
_a
Four Plays By B. Shaw
260
_b
Dell
_c
1996
300
_a
416
542
_d
12-10-1997
650
_a
English
_9
35933
906
_d
1997-1998
999
_c
21990
_d
21990